| 000 | 00460cam a2200181ua 4500 | ||
|---|---|---|---|
| 020 | _c3.25 | ||
| 041 |
_amal _h |
||
| 082 |
_a630 _bKOS/SA |
||
| 100 | _aKoshy, Cheriyan . | ||
| 245 |
_aSassya paristhithi vijnanam / _cKoshy Cheriyan. _hTextual Documents |
||
| 250 |
_a1 / _b. |
||
| 260 |
_aThiruvananthapuram : _bState Instititute of Languages , _c1972. |
||
| 300 | _a130 ; . | ||
| 365 | _a3.25 | ||
| 504 | _a | ||
| 942 | _cBK | ||
| 999 |
_c6064 _d6064 |
||